[Event "Winter and Snow"]
[Site "SchemingMind.com"]
[Date "2019.01.19"]
[Round "-"]
[White "aliwood"]
[Black "Helga1946"]
[Result "0-1"]
[WhiteCountry "ENG"]
[BlackCountry "GER"]
[WhiteElo "1391"]
[WhiteRD "58"]
[BlackElo "2170"]
[BlackRD "82"]
[GameID "437086"]

1. Nf3 Nf6 2. d4 d5 3. c4 dxc4 4. Nc3 c6 5. e3 Be6 6. Be2 Bd5 7. Nxd5 cxd5 8. O-O e6 9. Ne5 Nbd7 10. Bd2 b5
11. a3 Nxe5 12. dxe5 Ne4 13. Bc3 Nxc3 14. bxc3 Bc5 15. Qd2 O-O 16. Rfb1 Rb8 17. a4 bxa4 18. Rxb8 Qxb8 19. Ra2 a3 20. h3 Qxe5
21. Bf3 Rb8 22. Kf1 Qh2 23. Ke2 Rb1 24. Rc2 h6 25. Rc1 a2 26. Qxa2 Rxc1 27. Qb2 Qh1 28. Qd2 Qf1#
0-1

[Event "Winter and Snow"]
[Site "SchemingMind.com"]
[Date "2019.01.19"]
[Round "-"]
[White "Helga1946"]
[Black "aliwood"]
[Result "1-0"]
[WhiteCountry "GER"]
[BlackCountry "ENG"]
[WhiteElo "2170"]
[WhiteRD "82"]
[BlackElo "1391"]
[BlackRD "58"]
[GameID "437087"]

1. c4 e5 2. Nc3 c5 3. e3 d6 4. d4 cxd4 5. exd4 Be7 6. Nf3 Nf6 7. dxe5 dxe5 8. Nxe5 O-O 9. Be2 Qxd1+ 10. Nxd1 Bb4+
11. Kf1 Bf5 12. Bf4 Nbd7 13. Ne3 Be4 14. f3 Bxf3 15. Bxf3 Nxe5 16. Bxe5 Rfe8 17. Bd4 Rad8 18. Bxf6 Rd6 19. Nd5 Bc5 20. Bh4 a6
21. Rd1 Kh8 22. b4 Ba7 23. c5 Rd7 24. Kf2 Bb8 25. Rhe1 Re6 26. Bg4 Rxe1 27. Rxe1 Rxd5 28. Re8#
1-0

[Event "Winter and Snow"]
[Site "SchemingMind.com"]
[Date "2019.03.03"]
[Round "-"]
[White "Robert Bruce"]
[Black "grabapawn"]
[Result "1-0"]
[WhiteCountry "SCO"]
[BlackCountry "USA"]
[WhiteElo "2346"]
[WhiteRD "73"]
[BlackElo "1362"]
[BlackRD "59"]
[GameID "438980"]

1. f4 d6 2. Nf3 Nf6 3. Nc3 Nbd7 4. e4 e5 5. d4 Be7 6. dxe5 Ng4 7. exd6 Bxd6 8. h3 Nh6 9. Be3 O-O 10. Qd2 Re8
11. O-O-O Nb6 12. g4 Kh8 13. g5 Ng8 14. e5 Be7 15. Qf2 Bd7 16. e6 fxe6 17. Ne5 Qc8 18. Nf7#
1-0

[Event "Winter and Snow"]
[Site "SchemingMind.com"]
[Date "2019.03.03"]
[Round "-"]
[White "grabapawn"]
[Black "Robert Bruce"]
[Result "0-1"]
[WhiteCountry "USA"]
[BlackCountry "SCO"]
[WhiteElo "1362"]
[WhiteRD "59"]
[BlackElo "2346"]
[BlackRD "73"]
[GameID "438981"]

1. d4 Nf6 2. Bf4 e6 3. Nf3 c5 4. e3 Nc6 5. c3 d5 6. Bd3 Bd6 7. Bg3 O-O 8. Nbd2 Qe7 9. Ne5 Nd7 10. Nxd7 Bxd7
11. Bxd6 Qxd6 12. dxc5 Qxc5 13. Bxh7+ Kxh7 14. Qh5+ Kg8 15. Ne4 g6 16. Qg5 Qb5 17. Nf6+ Kg7 18. Nxd7 f6 19. Qg3 Rf7 20. O-O-O Rxd7
21. h4 Ne5 22. e4 dxe4 23. h5 Rad8 24. hxg6 Rxd1+ 25. Rxd1 Nd3+ 26. Kd2 Nxb2+
0-1

[Event "Winter and Snow"]
[Site "SchemingMind.com"]
[Date "2019.03.17"]
[Round "-"]
[White "splinter"]
[Black "Brian Acebo"]
[Result "1-0"]
[WhiteCountry "CAN"]
[BlackCountry "USA"]
[WhiteElo "1797"]
[WhiteRD "74"]
[BlackElo "1537"]
[BlackRD "102"]
[GameID "439466"]

1. c4 e5 2. g3 Nf6 3. Bg2 c6 4. Nf3 d5 5. Nxe5 dxc4 6. Nxc4 Be6 7. Ne3 Bc5 8. O-O O-O 9. Nc3 Nbd7 10. b3 Ne5
11. Bb2 Qd7 12. Rc1 Bb6 13. Na4 Bc7 14. Nc5 Qc8 15. Nxe6 Qxe6 16. Qc2 Rfe8 17. d4 Ng6 18. d5 Qd6 19. dxc6 bxc6 20. Rfd1 Qe6
21. Bxc6 Rac8 22. Bxf6 Qxf6 23. Bxe8
1-0

[Event "Winter and Snow"]
[Site "SchemingMind.com"]
[Date "2019.03.18"]
[Round "-"]
[White "Brian Acebo"]
[Black "splinter"]
[Result "0-1"]
[WhiteCountry "USA"]
[BlackCountry "CAN"]
[WhiteElo "1483"]
[WhiteRD "98"]
[BlackElo "1791"]
[BlackRD "79"]
[GameID "439467"]

1. e4 c5 2. Nf3 Nc6 3. d4 cxd4 4. Nxd4 Nf6 5. Nc3 a6 6. Be3 Qa5 7. Nb3 Qc7 8. Qd2 b5 9. a3 Bb7 10. f3 g6
11. Bh6 b4 12. axb4 Nxb4 13. Bxf8 Kxf8 14. Be2 Kg7 15. O-O Qb6+ 16. Kh1 Nc6 17. Rfd1 d6 18. Nd5 Nxd5 19. Qxd5 Rhc8 20. Qd2 a5
21. Qc3+ Kg8 22. Qd2 a4 23. Nd4 Nxd4 24. Qxd4 Qxd4 25. Rxd4 Rxc2 26. Rb4 Bc6 27. Bd3 Rd2 28. Bb5 Rb8 29. h3 Rxb5 30. Rxb5 Bxb5
31. Kg1 Rxb2
0-1

[Event "Winter and Snow"]
[Site "SchemingMind.com"]
[Date "2019.04.01"]
[Round "-"]
[White "John Hamer"]
[Black "krzysztof"]
[Result "1-0"]
[WhiteCountry "ENG"]
[BlackCountry "POL"]
[WhiteElo "1984"]
[WhiteRD "66"]
[BlackElo "1603"]
[BlackRD "70"]
[GameID "439877"]

1. c4 c5 2. Nf3 Nc6 3. d4 cxd4 4. Nxd4 Nxd4 5. Qxd4 Nf6 6. Bg5 Qa5+ 7. Bd2 Qc7 8. Nc3 a6 9. Rd1 e5 10. Qh4 Be7
11. e4 d6 12. Bd3 Ng4 13. Qg3 Be6 14. O-O g5 15. Rfe1 h5 16. h3 h4 17. Qf3 O-O-O 18. hxg4 f6 19. Nd5 Bxd5 20. cxd5 Kb8
21. Rc1 Qd7 22. Rc3 Rc8 23. Rb3 b5 24. a4 Rc7 25. axb5 a5 26. Bxa5 Rb7 27. b6 Qa4 28. Ra3 Qxa3 29. bxa3 Bd8 30. Ba6 Bxb6
31. Bxb7 Kxb7 32. Qb3 h3 33. Qxb6+ Kc8 34. Qc7#
1-0

[Event "Winter and Snow"]
[Site "SchemingMind.com"]
[Date "2019.04.01"]
[Round "-"]
[White "krzysztof"]
[Black "John Hamer"]
[Result "0-1"]
[WhiteCountry "POL"]
[BlackCountry "ENG"]
[WhiteElo "1592"]
[WhiteRD "67"]
[BlackElo "1942"]
[BlackRD "66"]
[GameID "439878"]

1. e4 e5 2. Na3 Nf6 3. d3 d6 4. Bg5 Be7 5. h3 O-O 6. g4 Nc6 7. c3 Be6 8. Nf3 Nd7 9. Bxe7 Qxe7 10. Nc2 d5
11. exd5 Bxd5 12. Bg2 a6 13. Ne3 Be6 14. b4 Rfd8 15. h4 Nb6 16. Bf1 e4 17. Nd2 exd3 18. h5 Nd5 19. Bxd3 Nxe3 20. Bxh7+ Kxh7
21. Qb1+ Kg8 22. h6 Ng2+ 23. Kf1 Rxd2 24. h7+ Kh8 25. f3 Bc4+ 26. Kg1 Qe3+ 27. Kh2 Ne1+
0-1

[Event "Winter and Snow"]
[Site "SchemingMind.com"]
[Date "2019.04.02"]
[Round "-"]
[White "William Lindberg"]
[Black "spoke"]
[Result "1-0"]
[WhiteCountry "USA"]
[BlackCountry "GER"]
[WhiteElo "2523"]
[WhiteRD "68"]
[BlackElo "1801"]
[BlackRD "71"]
[GameID "439912"]

1. c4 Nf6 2. d4 g6 3. Nc3 Bg7 4. e4 d6 5. Nf3 O-O 6. Be2 e5 7. d5 Nh5 8. g3 f5 9. exf5 Bxf5 10. Ng5 Qd7
11. g4
1-0

[Event "Winter and Snow"]
[Site "SchemingMind.com"]
[Date "2019.04.02"]
[Round "-"]
[White "spoke"]
[Black "William Lindberg"]
[Result "0-1"]
[WhiteCountry "GER"]
[BlackCountry "USA"]
[WhiteElo "1801"]
[WhiteRD "71"]
[BlackElo "2523"]
[BlackRD "68"]
[GameID "439913"]

1. e4 e5 2. Nf3 Nc6 3. Bc4 Nf6 4. Ng5 d5 5. exd5 Na5 6. Bb5+ c6 7. dxc6 bxc6 8. Be2 h6 9. Nh3 Bc5 10. O-O O-O
11. d3 Nb7 12. Be3 Bxe3 13. fxe3 Nd5 14. Qd2 Qb6 15. c3 Nxe3
0-1

[Event "Winter and Snow"]
[Site "SchemingMind.com"]
[Date "2019.04.08"]
[Round "-"]
[White "Clive Everill"]
[Black "capablanca"]
[Result "1/2-1/2"]
[WhiteCountry "CZE"]
[BlackCountry "GER"]
[WhiteElo "1694"]
[WhiteRD "59"]
[BlackElo "1685"]
[BlackRD "60"]
[GameID "440029"]

1. e4 d5 2. exd5 Qxd5 3. Nc3 Qa5 4. d4 e5 5. dxe5 Qxe5+ 6. Be2 Nf6 7. Nf3 Qd6 8. Bd2 Bd7 9. O-O Be7 10. Bc4 O-O
11. Re1 a6 12. Qe2 Nc6 13. Rad1 Bd8 14. Bg5 Qe7 15. Qd2 Be6 16. Nd5 Qc5 17. Nxf6+ Bxf6 18. Bxe6 fxe6 19. Bxf6 Rxf6 20. c3 Rd8
21. Qc1 Rxd1 22. Qxd1 e5 23. Qe2 h6 24. Nd2 Qf8=
1/2-1/2

[Event "Winter and Snow"]
[Site "SchemingMind.com"]
[Date "2019.04.08"]
[Round "-"]
[White "capablanca"]
[Black "Clive Everill"]
[Result "0-1"]
[WhiteCountry "GER"]
[BlackCountry "CZE"]
[WhiteElo "1685"]
[WhiteRD "60"]
[BlackElo "1694"]
[BlackRD "59"]
[GameID "440030"]

1. d4 f5 2. c4 Nf6 3. Nc3 g6 4. Nf3 Bg7 5. Bd2 d6 6. e3 O-O 7. Bd3 b6 8. O-O Bb7 9. d5 Nbd7 10. b4 Ne8
11. Rc1 Ne5 12. Be2 c6 13. Nd4 Nc7 14. f4 c5 15. fxe5 cxd4 16. exd4 dxe5 17. dxe5 Bxe5 18. Bg5 Qd6 19. a3 Bxh2+ 20. Kh1 Be5
21. Bf3 Kg7 22. Qd2 f4 23. Ne4 Qd7 24. Kg1 h6 25. Bh4 Rad8 26. d6 Bxe4 27. Bxe4 Bxd6 28. Qd4+ Kh7 29. Rcd1 Ne6 30. Qd3 Rg8
31. Bf2 Nf8 32. c5 bxc5 33. bxc5 Be5 34. Qxd7 Rxd7 35. Rxd7 Nxd7 36. c6 Nb6 37. Rb1 Bc7 38. Kf1 Rd8 39. Ke2 e5 40. Rb5 Kg7
41. Ra5 Nc8 42. Bxa7 Bxa5
0-1

[Event "Winter and Snow"]
[Site "SchemingMind.com"]
[Date "2019.04.10"]
[Round "-"]
[White "smothered mate"]
[Black "Allan Sedstrem"]
[Result "1-0"]
[WhiteCountry "POL"]
[BlackCountry "SCO"]
[WhiteElo "2236"]
[WhiteRD "77"]
[BlackElo "1539"]
[BlackRD "75"]
[GameID "440065"]

1. e4 e5 2. Nf3 d6 3. Bc4 h6 4. Nc3 Nf6 5. d4 Nc6 6. dxe5 dxe5 7. Qxd8+ Nxd8 8. Nxe5 Bd6 9. Nd3 O-O 10. O-O Ng4
11. f4 Be6 12. Bxe6 Nxe6 13. h3 Nf6 14. e5 Nh5 15. exd6 cxd6 16. Nd5 Rac8 17. Ne7+ Kh8 18. Nxc8 Rxc8 19. c3 Ng3 20. Be3 b6
21. Rf3 Nf5 22. g4 Nh4 23. Rff1 Re8 24. Kf2 Nc5 25. Bxc5 dxc5 26. f5 g6 27. Kg3 Re3+ 28. Kf2 Rxd3 29. f6 Rxh3 30. Rad1 Rf3+
31. Ke2 Rg3 32. Rd8+ Kh7 33. Rf8 Ng2 34. Rxf7+ Kg8 35. Rg7+ Kh8 36. f7 Kxg7 37. f8=Q+
1-0

[Event "Winter and Snow"]
[Site "SchemingMind.com"]
[Date "2019.04.11"]
[Round "-"]
[White "Allan Sedstrem"]
[Black "smothered mate"]
[Result "0-1"]
[WhiteCountry "SCO"]
[BlackCountry "POL"]
[WhiteElo "1555"]
[WhiteRD "69"]
[BlackElo "2241"]
[BlackRD "77"]
[GameID "440066"]

1. e4 e6 2. d4 d5 3. Nc3 Ne7 4. Bg5 f6 5. Bxf6 gxf6 6. Bd3 c5 7. Qf3 cxd4 8. Nb5 dxe4 9. Bxe4 Qa5+ 10. Kd1 Qxb5
11. Ne2 f5 12. Bd3 Qd5 13. Qh5+ Ng6 14. f3 Nc6 15. Nf4 Qe5 16. g3 Kd8 17. Re1 Nxf4 18. gxf4 Qf6 19. Re2 Bd7 20. Kd2 Bb4+
21. Kd1 Kc7 22. a3 Bd6 23. b4 Bxf4 24. Ra2 Rhg8 25. Re1 Rg2 26. Be2 Rxh2 27. Qxh2 Bxh2
0-1

[Event "Winter and Snow"]
[Site "SchemingMind.com"]
[Date "2019.04.13"]
[Round "-"]
[White "Raymond de Kemp"]
[Black "Chessibelle"]
[Result "1-0"]
[WhiteCountry "NED"]
[BlackCountry "ENG"]
[WhiteElo "1718"]
[WhiteRD "86"]
[BlackElo "1194"]
[BlackRD "59"]
[GameID "440255"]

1. e4 e5 2. f4 Nc6 3. Nf3 g6 4. Bc4 h6 5. O-O Bc5+ 6. Kh1 Nge7 7. fxe5 O-O 8. d4 Bb6 9. Bxh6 Re8 10. Ng5 Bxd4
11. Nxf7 Kh7 12. Bc1 d6 13. Nxd8 Nxd8 14. Rf7+ Nxf7 15. Bxf7 Rf8 16. e6 b5 17. Qxd4
1-0

[Event "Winter and Snow"]
[Site "SchemingMind.com"]
[Date "2019.04.13"]
[Round "-"]
[White "Chessibelle"]
[Black "Raymond de Kemp"]
[Result "0-1"]
[WhiteCountry "ENG"]
[BlackCountry "NED"]
[WhiteElo "1194"]
[WhiteRD "59"]
[BlackElo "1718"]
[BlackRD "86"]
[GameID "440256"]

1. Nf3 d5 2. d4 Bf5 3. Nbd2 Nc6 4. a3 f6 5. g3 e5 6. e3 e4 7. Bg2 exf3 8. Nxf3 Qd7 9. O-O Bd6 10. Re1 O-O-O
11. c3 h5 12. h4 Bg4 13. e4 dxe4 14. b4 exf3 15. Bf1 Be7 16. Bf4 g5 17. Be3 gxh4 18. gxh4 f5 19. d5 Ne5 20. Qd4 b6
21. Rec1 Bf6 22. a4 Qxd5 23. Qf4 Nd3 24. c4 Nxf4 25. Bxf4 Qf7 26. Be3 Bxa1 27. Rxa1 Qf6 28. a5 Qxa1
0-1

[Event "Winter and Snow"]
[Site "SchemingMind.com"]
[Date "2019.04.14"]
[Round "-"]
[White "pnwmusichound"]
[Black "John C. Walton"]
[Result "0-1"]
[WhiteCountry "USA"]
[BlackCountry "USA"]
[WhiteElo "1913"]
[WhiteRD "104"]
[BlackElo "2081"]
[BlackRD "141"]
[GameID "440271"]

1. e4 c5 2. Nc3 Nc6 3. f4 g6 4. Nf3 Bg7 5. Bc4 e6 6. f5 Nge7 7. fxe6 fxe6 8. d3 d5 9. exd5 exd5 10. Bb3 Bg4
11. O-O O-O 12. Bg5 Qd7 13. Qe2 Rae8 14. Rae1 Nd4 15. Qd1 Nxb3 16. axb3 Nf5 17. Qd2 Bxf3 18. Rxe8 Rxe8 19. Rxf3 h6 20. Bf4 g5
21. Bg3 Nxg3 22. Rxg3 Bd4+ 23. Kh1 Qe6 24. h4 Qf7 25. hxg5 Qf1+ 26. Kh2 Qg1+ 27. Kh3 Qh1+ 28. Kg4 h5+ 29. Kf5 Qh4 30. Ne2 Re5+
31. Kg6 Re6+ 32. Kf5 Kf7 33. Nxd4 Rf6+ 34. gxf6 Qxf6#
0-1

[Event "Winter and Snow"]
[Site "SchemingMind.com"]
[Date "2019.04.14"]
[Round "-"]
[White "John C. Walton"]
[Black "pnwmusichound"]
[Result "0-1"]
[WhiteCountry "USA"]
[BlackCountry "USA"]
[WhiteElo "1959"]
[WhiteRD "187"]
[BlackElo "1920"]
[BlackRD "105"]
[GameID "440272"]

1. e4 e5 2. Nf3 Nf6 3. Nxe5 d6 4. Nf3 Nxe4 5. Nc3 Nf6 6. d4 Be7 7. Bd3 O-O 8. h3 d5 9. O-O Nbd7 10. Re1 Re8
11. Bf4 c6 12. Qd2 Nf8 13. Re2 Bd7 14. Rae1 Ne6 15. Bg3 h6 16. Re3 c5 17. dxc5 d4
0-1

[Event "Winter and Snow"]
[Site "SchemingMind.com"]
[Date "2019.04.15"]
[Round "-"]
[White "ray winteringham"]
[Black "David Connolly"]
[Result "0-1"]
[WhiteCountry "ENG"]
[BlackCountry "WLS"]
[WhiteElo "1499"]
[WhiteRD "49"]
[BlackElo "2030"]
[BlackRD "91"]
[GameID "440273"]

1. e4 c6 2. Nf3 d5 3. exd5 cxd5 4. d4 Nc6 5. Be3 Bg4 6. Be2 e6 7. b3 Nf6 8. h3 Bh5 9. g4 Bg6 10. c4 Bb4+
11. Nbd2 Bc3 12. O-O Bxa1 13. Qxa1 O-O 14. Nh4 Nxg4 15. hxg4 Qxh4 16. g5 f6 17. Nf3 Qg4+ 18. Kh2 fxg5 19. Rg1 Qh5+ 20. Kg2 Be4
21. Qd1 g4 22. Rh1 gxf3+ 23. Bxf3 Bxf3+ 24. Kg3 Qg4+
0-1

[Event "Winter and Snow"]
[Site "SchemingMind.com"]
[Date "2019.04.16"]
[Round "-"]
[White "David Connolly"]
[Black "ray winteringham"]
[Result "1-0"]
[WhiteCountry "WLS"]
[BlackCountry "ENG"]
[WhiteElo "2030"]
[WhiteRD "91"]
[BlackElo "1499"]
[BlackRD "49"]
[GameID "440274"]

1. d4 d5 2. c4 e6 3. Nc3 Nc6 4. Nf3 a6 5. c5 Bd7 6. Bf4 Be7 7. e3 h6 8. h3 f5 9. Bd3 g5 10. Bh2 Nf6
11. a3 O-O 12. O-O Kg7 13. b4 Na7 14. a4 c6 15. Ne5 Rh8 16. f3 h5 17. Ra2 h4 18. Qc2 b6 19. Bxa6 bxc5 20. bxc5 Qa5
21. Bd3 Qd8 22. Rb2 Rb8 23. Rxb8 Qc7 24. Rxh8 Kxh8 25. Ng6+ Kg7 26. Bxc7 Kxg6 27. Re1 Ne8 28. Bb6 Nc8 29. e4
1-0

[Event "Winter and Snow"]
[Site "SchemingMind.com"]
[Date "2019.04.18"]
[Round "-"]
[White "frankly"]
[Black "Robert Bruce"]
[Result "1-0"]
[WhiteCountry "ENG"]
[BlackCountry "SCO"]
[WhiteElo "2607"]
[WhiteRD "73"]
[BlackElo "2405"]
[BlackRD "77"]
[GameID "440275"]

1. d4 Nf6 2. c4 c5 3. d5 e6 4. Nc3 exd5 5. cxd5 d6 6. Nf3 g6 7. e4 Bg7 8. Nd2 O-O 9. Be2 Ne8 10. O-O f5
11. exf5 Bxf5 12. g4 Bc8 13. h3 Nf6 14. Nc4 Na6 15. Bg5 Nc7 16. Ne4 Nce8 17. a4 b6 18. Bh4 Bb7 19. Nc3 Nc7 20. Qb3 Rf7
21. Bg3 Nfe8 22. Rad1 Bd4 23. Rfe1 Qg5 24. Na5 Bxc3 25. bxc3 Bxd5 26. Bc4 Bxc4 27. Nxc4 Rd8 28. h4 Qxg4 29. Ne5 Qf5 30. Rd3 d5
31. Rf3 Qxf3 32. Nxf3 Rxf3 33. a5 bxa5 34. Qa3 Rf7 35. Qxa5 Rdd7 36. Qxa7 Ne6 37. Qb6 N6g7 38. Qxc5 Nf6 39. Qc8+ Rf8 40. Qc6 Nf5
41. Be5 Re7 42. f4 Ng3 43. Kf2 Ngh5 44. Bxf6 Rxe1 45. Qxd5+ Rf7 46. Qa8+ Rf8 47. Qa2+ Rf7 48. Qa8+ Rf8 49. Qa2+ Rf7 50. Kxe1 Nxf6
51. c4 Kf8 52. c5 Re7+ 53. Kf1 Ng8 54. c6 Nf6 55. Qb2 Ne8 56. Qh8+
1-0

[Event "Winter and Snow"]
[Site "SchemingMind.com"]
[Date "2019.04.19"]
[Round "-"]
[White "Robert Bruce"]
[Black "frankly"]
[Result "0-1"]
[WhiteCountry "SCO"]
[BlackCountry "ENG"]
[WhiteElo "2428"]
[WhiteRD "76"]
[BlackElo "2631"]
[BlackRD "69"]
[GameID "440276"]

1. c4 e5 2. g3 Nf6 3. Bg2 d5 4. cxd5 Nxd5 5. Nc3 Nb6 6. Nf3 Nc6 7. O-O Be7 8. a3 O-O 9. b4 Be6 10. Rb1 f6
11. d3 a5 12. bxa5 Rxa5 13. Nb5 Qd7 14. Be3 Ra6 15. Qc2 Rfa8 16. Rfd1 Nd5 17. Bd2 Na7 18. Nxa7 R8xa7 19. d4 Rc6 20. Qe4 f5
21. Qxe5 Bf6 22. e4 Bxe5 23. Nxe5 Qd8 24. Rxb7 Rxb7 25. Nxc6 Qf6 26. exd5 Bd7 27. Bb4 Rb5 28. Be7 Qf7 29. Bb4 Qf6 30. Be7 Qf7
31. Bb4 Bxc6 32. dxc6 Qb3 33. Re1 h5 34. h3 h4 35. gxh4 Kh7 36. Rc1 Kh6 37. Bd6 Qb2 38. Bf4+ Kg6 39. Rd1 Qe2 40. Rf1 Qe7
41. d5 Rc5 42. d6 cxd6 43. Rd1 Rc4 44. h5+ Kh7 45. Bxd6 Qe2 46. Ra1 Qd2 47. Be5 Qe2 48. Bd6 Qb2 49. Rd1 Qc2 50. Ra1 Qc3
51. Rd1 Qc2 52. Ra1 Rxc6 53. Bxc6 Qxc6 54. Be5 Kh6 55. Rd1 Kxh5 56. Rd8 g5 57. Rh8+ Kg6 58. Rg8+ Kf7 59. Rg7+ Kf8 60. Bb2 Qh6
61. Bd4 Qh5 62. Bc3 Qd1+ 63. Kg2 Qd5+ 64. Kg1 f4 65. Kh2 Qb5 66. Bd4 Qd3 67. Ba1 Qd2 68. Rxg5 Qxf2+ 69. Rg2 Qc5 70. Rg6 Kf7
71. Rg4 Qd6 72. Kg1 Qd1+ 73. Kf2 Qxa1 74. Rxf4+ Kg6 75. Rf3 Qb2+
0-1

[Event "Winter and Snow"]
[Site "SchemingMind.com"]
[Date "2019.04.25"]
[Round "-"]
[White "William Lindberg"]
[Black "kenneth m day"]
[Result "1-0"]
[WhiteCountry "USA"]
[BlackCountry "USA"]
[WhiteElo "2510"]
[WhiteRD "68"]
[BlackElo "1732"]
[BlackRD "54"]
[GameID "440577"]

1. c4 Nf6 2. d4 e5 3. dxe5 Ng4 4. e3 Nxe5 5. f4 Ng6 6. g3 Nc6 7. Bg2 Bb4+ 8. Bd2 Bxd2+ 9. Qxd2 O-O 10. Ne2 Re8
11. Nbc3 d6 12. O-O Be6 13. f5 Nge5 14. fxe6 Rxe6 15. b3 Ng4 16. Bxc6 bxc6 17. Nd4 Rh6 18. Nxc6 Qd7 19. Nd5 Re6 20. Nd4 Re5
21. Rf4 c6 22. Nxc6 Qxc6 23. Rxg4 Kf8 24. Rf1 Rae8 25. Qd3 Rh5 26. Qd4 Ree5 27. Rxf7+ Kxf7 28. Qxa7+ Ke6 29. Qe7+ Kf5 30. Rf4+ Kg6
31. Rf6+ Kg5 32. Qxg7#
1-0

[Event "Winter and Snow"]
[Site "SchemingMind.com"]
[Date "2019.04.25"]
[Round "-"]
[White "kenneth m day"]
[Black "William Lindberg"]
[Result "0-1"]
[WhiteCountry "USA"]
[BlackCountry "USA"]
[WhiteElo "1732"]
[WhiteRD "54"]
[BlackElo "2510"]
[BlackRD "68"]
[GameID "440578"]

1. e4 c5 2. d4 cxd4 3. c3 e5 4. Nf3 Nc6 5. Bc4 Nf6 6. Bg5 Bc5 7. cxd4 exd4 8. e5 d5 9. Be2 h6 10. Bh4 g5
11. Bg3 Ne4 12. Nbd2 h5 13. h3 h4 14. Bh2 d3 15. Nxe4 dxe4 16. Nxg5 Bb4+ 17. Kf1 dxe2+ 18. Qxe2 Qxg5 19. Rd1 Be6
0-1

[Event "Winter and Snow"]
[Site "SchemingMind.com"]
[Date "2019.04.27"]
[Round "-"]
[White "David Connolly"]
[Black "Clive Everill"]
[Result "1-0"]
[WhiteCountry "WLS"]
[BlackCountry "CZE"]
[WhiteElo "2120"]
[WhiteRD "74"]
[BlackElo "1783"]
[BlackRD "58"]
[GameID "440670"]

1. d4 d5 2. c4 c6 3. cxd5 cxd5 4. Bf4 Nc6 5. e3 Nf6 6. Nc3 a6 7. Be2 Bf5 8. Nf3 e6 9. Qb3 Ra7 10. O-O Be7
11. h3 O-O 12. Rfc1 Nd7 13. Na4 h6 14. Qd1 Nb6 15. Nc5 Nd7 16. Nxb7 Rxb7 17. Rxc6 Rxb2 18. Bxa6 Qa8 19. Rac1 Rxa2 20. Bc8 Nf6
21. Ne5 Ne4 22. Qh5 Ng5 23. g4 Bg6 24. Nxg6 fxg6 25. Qxg6 Nf3+ 26. Kh1 Bg5 27. Bxe6+ Kh8 28. Rc8 Ra1 29. Rxf8+ Qxf8 30. Rxa1 Bxf4
31. Bf5 Ng5 32. exf4
1-0

[Event "Winter and Snow"]
[Site "SchemingMind.com"]
[Date "2019.04.26"]
[Round "-"]
[White "Clive Everill"]
[Black "David Connolly"]
[Result "0-1"]
[WhiteCountry "CZE"]
[BlackCountry "WLS"]
[WhiteElo "1736"]
[WhiteRD "57"]
[BlackElo "2125"]
[BlackRD "80"]
[GameID "440671"]

1. Nf3 Nf6 2. c4 b6 3. g3 Bb7 4. Bg2 e6 5. O-O Be7 6. d4 O-O 7. Nc3 Na6 8. Ne5 d5 9. Bg5 c5 10. dxc5 Nxc5
11. cxd5 exd5 12. Rc1 Re8 13. Nf3 Ne6 14. Bd2 Ne4 15. Nxe4 dxe4 16. Ne5 Rc8 17. Rxc8 Qxc8 18. Qa4 Nc5 19. Qxa7 Qe6 20. Qa3 Qxe5
21. Bf4 Qh5 22. e3 Ba6 23. Rc1 Nd3 24. Qxa6 Nxc1 25. Bxe4 Ne2+ 26. Kg2 Nxf4+ 27. exf4 Bc5 28. Bf3 Qg6 29. Qa4 Rd8 30. h4 Rd2
31. Qe8+ Bf8 32. Be4 f5 33. Qxg6 hxg6
0-1

[Event "Winter and Snow"]
[Site "SchemingMind.com"]
[Date "2019.05.04"]
[Round "-"]
[White "Raymond de Kemp"]
[Black "John Hamer"]
[Result "1-0"]
[WhiteCountry "NED"]
[BlackCountry "ENG"]
[WhiteElo "1791"]
[WhiteRD "80"]
[BlackElo "1976"]
[BlackRD "69"]
[GameID "440842"]

1. d4 d5 2. Bf4 Nf6 3. e3 Nc6 4. Nd2 Bg4 5. Ne2 h6 6. h3 Bf5 7. Nf3 e6 8. Ne5 Rc8 9. Ng3 Bh7 10. Bb5 Bb4+
11. c3 Bd6 12. Nxc6 bxc6 13. Bxc6+ Kf8 14. Bxd6+ cxd6 15. Bb5 Rb8 16. Qe2 Bg6 17. a4 Qb6 18. b4 Rc8 19. a5 Qb8 20. Rc1 Rd8
21. O-O h5 22. Rfd1 h4 23. Nf1 e5 24. Ba4 Bh5 25. f3 Qc7 26. Qa2 e4 27. Nd2 Qe7 28. Re1 g5 29. fxe4 dxe4 30. Rf1 Rg8
31. Bd1 Bg6 32. c4 Rb8 33. b5 Kg7 34. Qb2 Rgc8 35. d5 Qd8 36. Bc2 Qe7 37. Bxe4 Rc7 38. Rf2 Rxb5 39. cxb5 Qe5 40. Qa3 Rd7
41. Bxg6 fxg6 42. Qc3 Nxd5 43. Qxe5+ dxe5 44. Nc4 Rc7 45. Rfc2 Nb4 46. b6 axb6 47. axb6 Rb7 48. Rd2 e4 49. Rb1 Nd3 50. Ra1 Kf6=
51. Ra7
1-0

[Event "Winter and Snow"]
[Site "SchemingMind.com"]
[Date "2019.05.04"]
[Round "-"]
[White "John Hamer"]
[Black "Raymond de Kemp"]
[Result "1-0"]
[WhiteCountry "ENG"]
[BlackCountry "NED"]
[WhiteElo "1984"]
[WhiteRD "66"]
[BlackElo "1782"]
[BlackRD "84"]
[GameID "440843"]

1. c4 g6 2. d4 Nf6 3. Nf3 Bg7 4. Nc3 d5 5. cxd5 Nxd5 6. Bg5 c5 7. Rc1 Nxc3 8. bxc3 O-O 9. e3 cxd4 10. cxd4 Bg4
11. Bc4 Bxf3 12. Qxf3 Qa5+ 13. Kf1 Nc6 14. Bf4 Rac8 15. g4 e5 16. dxe5 Nxe5 17. Bxe5 Bxe5 18. Bxf7+ Kg7 19. Rxc8 Rxc8 20. Qxb7 Rc7
21. Qd5 Qa6+ 22. Kg2 Qf6 23. Be6 Rc2 24. Qd7+ Kh6 25. Rf1 Qh4 26. Qd1 Qxh2+ 27. Kf3 Qh3+ 28. Ke4 Rc5 29. g5+
1-0

[Event "Winter and Snow"]
[Site "SchemingMind.com"]
[Date "2019.05.05"]
[Round "-"]
[White "Helga1946"]
[Black "splinter"]
[Result "1-0"]
[WhiteCountry "GER"]
[BlackCountry "CAN"]
[WhiteElo "2202"]
[WhiteRD "79"]
[BlackElo "1786"]
[BlackRD "75"]
[GameID "440895"]

1. Nf3 Nf6 2. d4 d5 3. Bf4 Nc6 4. e3 Bf5 5. Bb5 a6 6. Bxc6+ bxc6 7. Nbd2 Nd7 8. c4 dxc4 9. Qa4 Nb6 10. Qxc6+ Bd7
11. Qxc7 Qxc7 12. Bxc7 Nd5 13. Ba5 e6 14. Nxc4 Bb4+ 15. Bxb4 Nxb4 16. O-O O-O 17. a3 Nd5 18. Rfc1 Rab8 19. Nfe5 Rfd8 20. Na5 Ne7
21. Rc7 Rxb2 22. Nxd7 Nd5 23. Ra7 h6 24. Nc6 Rc8 25. e4 Rxc6 26. Ra8+ Kh7 27. Nf8+ Kg8 28. Nxe6+ Kh7 29. exd5 Rcc2 30. Nf8+ Kg8
31. Rf1
1-0

[Event "Winter and Snow"]
[Site "SchemingMind.com"]
[Date "2019.05.05"]
[Round "-"]
[White "splinter"]
[Black "Helga1946"]
[Result "0-1"]
[WhiteCountry "CAN"]
[BlackCountry "GER"]
[WhiteElo "1786"]
[WhiteRD "75"]
[BlackElo "2202"]
[BlackRD "79"]
[GameID "440896"]

1. c4 c5 2. Nc3 e6 3. g3 d5 4. cxd5 exd5 5. d4 Nc6 6. Nf3 c4 7. Bg2 Bb4 8. Bd2 Nge7 9. O-O O-O 10. a3 Ba5
11. Re1 Bb6 12. e3 Na5 13. Na4 Nb3 14. Ra2 a5 15. Nxb6 Qxb6 16. Bc3 Bg4 17. h3 Bxf3 18. Bxf3 Rfe8 19. Qc2 Qe6 20. Bg2 b5
21. Re2 Nf5 22. a4 b4 23. Be1 Nfxd4 24. Bxd5 Qxd5 25. exd4 Nxd4 26. Rxe8+ Rxe8
0-1

[Event "Winter and Snow"]
[Site "SchemingMind.com"]
[Date "2019.06.12"]
[Round "-"]
[White "William Lindberg"]
[Black "Raymond de Kemp"]
[Result "1-0"]
[WhiteCountry "USA"]
[BlackCountry "NED"]
[WhiteElo "2524"]
[WhiteRD "72"]
[BlackElo "1753"]
[BlackRD "79"]
[GameID "442323"]

1. c4 e5 2. Nc3 Nf6 3. Nf3 d6 4. d4 Nbd7 5. e4 Be7 6. Be2 O-O 7. O-O c6 8. Qc2 a6 9. Rd1 Qc7 10. h3 b5
11. b4 a5 12. cxb5 cxb5 13. Qb3 a4 14. Qb2 Ba6 15. Be3 Rab8 16. Rac1 Qd8 17. dxe5 Ne8 18. exd6 Nxd6 19. Bf4 Qb6 20. Nd5 Qd8
21. Nxe7+ Qxe7 22. Bxd6
1-0